LEADER 01462nam a2200313 u 4500 001 000000028269 003 CaOOAMICUS 005 20070226111801.0 008 960603s1963 be u000 u fre u 035 $a10733169 040 $aIPA$bita 100 1 $aDesjardins, Claude.$0(OLS)http://pul/name/23033 245 10$aDieu et l'obligation morale :$bl'argument déontologique dans la scolastique récente /$cClaudio Desjardins. 260 $aBruges :$bDesclée de Brouwer,$c1963. 300 $a284 p. ;$c24 cm 500 $aComprende indici. 502 $aDiss. -- Pontificia Università gregoriana. 504 $aBibliografia: p. 243-269. 650 4$aCoscienza morale.$0(OLS)http://pul/subject/546 650 4$aDio$xEsistenza$xProve.$0(OLS)http://pul/subject/403 710 2 $aPontificia Università Gregoriana.$0(OLS)http://pul/name/147 850 $aPUL 852 $aPUL$W1$xDP1 Fondo Giannini$y60$m1554 F 41$j39278$nBK-PRI$b $qFondi$B39278$CPULBib$Z2$F39278 $H $81 852 $aPUL$W1$xDP1 Fondo Bordoni$y120$m3 G 44$j166738$qFondi$B175627$CPULBib$Z2$F175627 $HBor807 $81 910 $aPontificia Universitas Gregoriana$9147 941 1 $a1 961 $aINV: F.GIANNINI 996 $6245$aDieu et l'obligation morale :$bl'argument déontologique dans la scolastique récente$9(OLS)http://pul/title/38612 996 $6260$aBruges :$bDesclée de Brouwer$9(OLS)http://pul/publisher/48305 LEADER 01672nam a2200349 a 4500 001 000000147506 003 CaOOAMICUS 005 20151119121953.0 008 151119s2015 it 000 u ita r 020 $a978-88-308-1451-6 032 $aLibriCat 040 $aPUL$bita 082 04$a265 110 2 $aIstituto Teologico Marchigiano.$bSeminario specialistico in teologia sacramentaria$n(5 :$d2014 :$cFabriano).$0(OLS)http://pul/name/94303 245 13$aIl corpo penitente :$bcurare le ferite. Camminare verso la guarigione? Atti del V seminario specialistico di teologia sacramentaria /$ca cura di Enrico Brancozzi. 260 $aAssisi :$bCittadella,$c2015. 300 $a216 p. ;$c21 cm. 490 1 $aGestis verbisque ;$v13 504 $aBibliografia in nota. 650 4$aPenitenza.$0(OLS)http://pul/subject/1449 650 4$aSacramenti.$0(OLS)http://pul/subject/763 650 4$aTeologia sacramentaria.$0(OLS)http://pul/subject/39537 700 1 $aBrancozzi, Enrico,$csac.$0(OLS)http://pul/name/76581 830 0$aGestis verbisque ;$v13.$0(OLS)http://pul/title/138354 850 $aPUL 852 $aPUL$W1$xSL Religione 3$y85$m265 BRAEN 1$j170470$qDDC 21$B171249$CPULBib$Z2$F171249 $H126429 $81 941 1 $a9 996 $6020$a978-88-308-1451-6 $9(OLS)http://pul/number/158964 996 $6082$a265$9(OLS)http://pul/classification/1760 996 $6245$aIl corpo penitente :$bcurare le ferite. Camminare verso la guarigione? Atti del V seminario specialistico di teologia sacramentaria$9(OLS)http://pul/title/186170 996 $6260$aAssisi :$bCittadella$9(OLS)http://pul/publisher/49668